000 00565nam a2200241Ia 4500
005 20260306145807.0
008 008 260114s9999 xx 000 0 eng d
020 _a9798855801569
037 _aEbook
040 _aCRL
040 _beng
040 _cCRL
041 _2eng
041 _aeng
084 _qCRL
245 0 _aDocument Design, Second Edition
260 _bSUNY Press
260 _c2025
650 _aLinguistics and Semiotics
856 _uhttps://www.degruyter.com/isbn/9798855801569
942 _cEBOOK
999 _c1691120
_d1691120